E-realita v blízkej budúcnosti

Elektronická podateľňa ako jeden zo spôsobov komunikácie s úradmi. Bezpečnosť elektronického podpisu. Vytvorenie elektronického podpisu. Elektronická podateľňa a okolie. Predpokladané ceny čítačiek čipových kariet.

Gespeichert in:
Bibliographische Detailangaben
1. Verfasser: Ragáčová, Katarína
Format: Buchkapitel
Sprache:Slowakisch
Schlagworte:
Tags: Tag hinzufügen
Keine Tags, Fügen Sie das erste Tag hinzu!

MARC

LEADER 00000naa a2200000 4500
001 r048558
005 20230920090658.9
041 0 |a slo 
044 |a SK 
245 1 0 |a E-realita v blízkej budúcnosti  |c Katarína Ragáčová 
520 |a Elektronická podateľňa ako jeden zo spôsobov komunikácie s úradmi. Bezpečnosť elektronického podpisu. Vytvorenie elektronického podpisu. Elektronická podateľňa a okolie. Predpokladané ceny čítačiek čipových kariet. 
610 2 0 |a podpis elektronický 
610 2 0 |a bezpečnosť 
610 2 0 |a podnikanie 
610 2 0 |a dokumenty elektronické 
610 2 0 |a dáta 
610 2 0 |a počítače 
610 2 0 |a technológie informačné 
610 2 0 |a technológie komunikačné 
610 2 0 |a komunikácia 
610 2 0 |a úrady 
100 1 |a Ragáčová, Katarína